000 00527nam a22001697a 4500
003 BD-DhUL
005 20181227104016.0
008 181226s1984 ii ||||| |||| 00| 0 urd d
040 _aBD-DhUL
_cBD-DhUL
082 _a891.431
_bSHC
100 1 _aگوالیاری، شاداں
_d
245 1 0 _aچراغ رہ گزر /
_cشاداں گوالیاری
_b
260 _aبھوپال :
_bمدھیہ پرہیس ادوواکڈمی،
_c۔۱۹۸۴
300 _aص۔ ۱۲۸ ؛
_c۲۲ سم۔
650 4 _aUrdu poetry
942 _2ddc
_cBK
999 _c245456
_d245456